000 00774nam a22002057a 4500
999 _c1573
_d1573
003 AR-CdUCM
008 190227b ||||| |||| 00| 0 spa d
040 _aMUNICIPALIDAD PROVINCIAL DEL CUSCO
_cBIBLIOTECA MUNICIPAL DEL CUSCO
082 _a385.1 /
_bV66
100 _aVillafuerte, Carlos
_95889
245 _aFerrocarriles /
260 _aMexico :
_bFCE,
_c1959.
300 _a281 páginas ;
_c22 cm.
_e+ 3 mapas.
440 _aEstructura económica y social de México
_95890
505 _aCondiciones de trabajo -- Condiciones de vida -- Accidentes y enfermedades profesionales -- Conflictos de trabajo -- Recursos financieros...
650 _aFerrocarriles en Mexico.
_95891
650 _aTransporte en Mexico.
_95892
942 _2ddc
_cLIBROS
945 _awfj
_d2019-02-27